000 01524cam a22004214i 4500
003 PE-LiUPU
005 20250731172930.0
008 s1966 xxu |r 000 0 eng d
035 _a(Sirsi) a204310
040 _aPE-LiUPU
_bspa
_cPE-LiUPU
_erda
049 _aPRUA
082 0 4 _a291.21
_bG27
_221
100 1 _aGasson, Raphael,
_eautor.
245 1 4 _aThe Challenging counterfeit /
_cRaphael Gasson.
264 1 _aEE.UU :
_bLogos international,
_c1966.
300 _a92 páginas ;
_c20 centímetros.
336 _atext
_2rdacontent
337 _aunmediated
_2rdamedia
338 _avolume
_2rdacarrier
505 2 _aFrom satan to christ -- The spiritualist and the spiritism -- The history of spiritualism -- Christian spiritualism -- The lyceum -- The developing circle -- Clairvoyance and clairaudience -- Psychometry -- Healing -- Rescue work -- Physical phenomena -- Materialisation -- Trying the spirits.
526 _aSEG42
526 _aSEG41
526 _aSEG40
526 _aSEG39
526 _aP94
526 _aP87
526 _aP86
526 _aP85
526 _aP77
526 _aP76
526 _aP35
650 0 4 _aDios
_xTeología
942 _2ddc
_cBOOK
994 _aC0
_bPEPRU
596 _a1
999 _a291.21 G27
_wLC
_c20678
_i76079
_f2021-11-11
_g4
_lCCODEBUL1
_mBUL
_p10.00
_r0
_sY
_tBOOK
_u2017-6-8
_xTEOLOGIA
_PP85
_0DONACION
_o.STAFF. Colección Teología
_d20678
980 _81
_gALBERTO SANCHEZ Responsable de Automatización